• 首页
  • 本馆介绍
  • 公告通知
  • 最新文献
  • 馆藏检索
  • 电子资源
  • 读者导购
  • 参考咨询
  • 我的图书馆
  • 登录
  • 详细信息显示
  • 放入我的书架
  • 预约/预借图书
  • 作者相关作品
  • 分类相关作品
  • 丛书相关作品
  • 出版社相关作品

书目信息

  • 表格格式
  • 工作单格式
  • 卡片格式
题名:
明代帝陵风水说
    
 
作者: 胡汉生 著
分册:  
出版信息: 北京   北京燕山出版社  2008
页数: 235页
开本: 23cm
丛书名:
单 册:
中图分类: K928.76 , B992.4
科图分类:
主题词: 皇帝--陵墓--风水--研究--中国--明代
电子资源:
ISBN: 978-7-5402-1981-9
000 00816nam0 2200241 450
001 1557985275
005 20150119160637.32
010    @a978-7-5402-1981-9@dCNY45.00
100    @a20090919d2008 em y0chiy50 ea
101 0  @achi
102    @aCN@b110000
105    @aa z 000yy
200 1  @a明代帝陵风水说@9ming dai di ling feng shui shuo@f胡汉生著
210    @a北京@c北京燕山出版社@d2008
215    @a235页@c照片,图@d23cm
300    @a国家自然科学基金资助项目《明清皇家陵寝综合研究》 批准号 50378059
330    @a本书包括:中国古代帝陵风水综述、明朝帝陵的选址与风水格局、古代风水文化评价等内容。
606 0  @a皇帝@x陵墓@x风水@x研究@y中国@z明代
690    @aK928.76@v5
690    @aB992.4@v5
701  0 @a胡汉生@9hu han sheng@f(1949.11~)@4著
801  0 @aCN@bTSSF@c20150119
905    @aZUCC@dK928.76@eJY66
    
    明代帝陵风水说/胡汉生著.-北京:北京燕山出版社,2008
    235页:照片,图;23cm
    国家自然科学基金资助项目《明清皇家陵寝综合研究》 批准号 50378059
    
    ISBN 978-7-5402-1981-9:CNY45.00
    本书包括:中国古代帝陵风水综述、明朝帝陵的选址与风水格局、古代风水文化评价等内容。
●
相关链接 在E读中查询图书 在五车中查询图书 在当当中查询图书 在豆瓣中查询图书


正题名:明代帝陵风水说     索取号:K928.76/JY66         预约/预借

序号 登录号 条形码 馆藏地/架位号 状态 备注
1 7848107   278481073   学院路分馆/ [索取号:K928.76/JY66] 在馆    
唐山师范学院图书馆 欢迎您!
大连网信软件有限公司© 版权所有